000
00245nam a2200097Ia 4500
001
1113839
005
20250827003957.0
008
250824s9999 xx 000 0 und d
245
0
_a
MEVLANA TERAPİ
_c
SENAİ DEMİRCİ
260
_b
DESTEK YAYINLARI
999
_c
1113839
_d
1113839